Score 0/20 Timer 03:00
2 Plays Today
Band/Artist Missing Word % Correct
Aretha ____Franklin
95.4%
Alicia ____Keys
85.1%
Allman Brothers ____Band
82%
Avril ____Lavigne
81.6%
Amy ____Winehouse
81.3%
Alanis ____Morissette
80.3%
Alice in ____Chains
76.3%
Alice ____Cooper
75.5%
Arrested ____Development
68.7%
Ace of ____Base
68.6%
Band/Artist Missing Word % Correct
All American ____Rejects
66.6%
Arcade ____Fire
63.3%
Adam ____Ant
61.8%
The Alan Parsons ____Project
61%
Air ____Supply
58.8%
Arctic ____Monkeys
55.9%
Average ____ BandWhite
39.2%
Avett ____Brothers
22.9%
Animal ____Collective
13%
Afro Celt Sound ____System
11.9%

Today's Daily Dose

Remove Ads.
Support Sporcle.
Get the best of Sporcle when you Go Orange. This ad-free experience offers more features, more stats, and more fun while also helping to support Sporcle. Thank you for becoming a member.

You're not logged in!

Compare scores with friends on all Sporcle quizzes.
OR
Log In

Show Comments

Extras

Top Quizzes Today


Score Distribution

Your Account Isn't Verified!

In order to create a playlist on Sporcle, you need to verify the email address you used during registration. Go to your Sporcle Settings to finish the process.

Report this User

Report this user for behavior that violates our Community Guidelines.

Details: